| 000 | 00571nam a2200193 4500 | ||
|---|---|---|---|
| 003 | OSt | ||
| 005 | 20240722073318.0 | ||
| 006 | a | ||
| 008 | 240722b |||||||| |||| 00| 0 eng d | ||
| 040 |
_aDWCL-Main lib. _cOC |
||
| 082 | _aCirc. 796.3578 C652 2009 | ||
| 110 | _aAmerican Sport Education Program | ||
| 245 | _aCoaching softball technical and tactical / | ||
| 260 |
_aChampaign, Ill. : _bHuman Kinetics, _cc2009. |
||
| 300 |
_avi, _b263 p. : ill. ; _c28 cm. |
||
| 504 | _aIncludes index. | ||
| 650 | _a1. Softball -Coaching. | ||
| 942 |
_2ddc _n0 _cBK-CIRC _kCirc. |
||
| 999 |
_c2540 _d2540 |
||